1736 1656 1381 1243 1560 1190 1946 1220 1602 1942 1413 1987 1688 1289 1272 1740 1040 1273 1019 1140 1169 1337 1897 1760 1345 1616 1094 1793 1186 1728 1296 1466 1863 1758 1254 1462 1228 1539 1356 1623 1000 1460 1841 1877 1335 1485 1071 1968 1689 1817 1624 1367 1077 1976 1204 1134 1838 1300 1848 1706 1781 1813 1141 1786 1505 1775 1881 1981 1047 1391 1555 1457 1120 1071 1934 1149 1969 1566 1742 1941 1956 1376 1857 1794 1313 1156 1711 1261 1370 1798 1110 1018 1910 1188 1937 1899 1845 1728 1632 BCNSPRNW ULIB Ver.6.0+V

เปลี่ยนเป็นภาษาไทย

Change to English
 แสดงรายละเอียดบรรณานุกรม
  กลับหน้าหลัก

Brief Record : Get Marc (ISO 2709) : E-mail record : QR code < ปิดหน้าต่าง
LEADER : 00000nam 2200000uu 4500
001    13399112744
003     ULIB
008    110908s2549||||th 000 0 tha d
020    9741102364
020    9789741102365
050  4 LB1028^bส325ก 2549
100 0  สรชัย พิศาลบุตร
245 10 การทำวิจัยในชั้นเรียน :^bเรียนรู้กันได้ใน 5 ชั่วโมง /^cสรชัย พิศาลบุตร
250    ฉบับพิมพ์ที่ 1 พิมพ์ซ้ำครั้งที่ 2
260    กรุงเทพฯ :^bวิทยพัฒน์,^c2549
300    118 หน้า :^bแผนภูมิ ;^c21 ซม.
650  4 ชั้นเรียน^xวิจัย
650  4 การศึกษา^xวิจัย
650  4 วิจัยชั้นเรียน
945    ^p105^l0^i027028
945    ^p105^l0^i027029
995    ทศพร
999 ^a ทศพร
รายการนี้ยังไม่มีแท็ก
คุณยังไม่ได้ล็อกอิน คุณสามารถมีกิจกรรมร่วมกับเว็บไซต์ได้ แต่ต้องล็อกอินก่อน ::
  ล็อกอิน

รายการสื่อสารสนเทศ

ลำดับที่ ประเภท เลขเรียก/บาร์โค้ด สถานที่ สถานะ
- ไม่พบข้อมูล -

รายการใกล้เคียง
    ผู้แต่ง [สรชัย พิศาลบุตร]

    หัวเรื่อง [วิจัยชั้นเรียน]

BibComment


ยังไม่เคยถูกคอมเมนท์

คอมเมนท์ทรัพยากรรายการนี้
  คอมเมนท์: การทำวิจัยในชั้นเ..


 Copyright 2026. Bcnsprnw @Library